Handbook Of Object Oriented Programme With Java (Record no. 38949)

MARC details
000 -LEADER
fixed length control field 00496nam a2200193Ia 4500
008 - FIXED-LENGTH DATA ELEMENTS--GENERAL INFORMATION
fixed length control field 220531s9999 xx 000 0 und d
041 ## - LANGUAGE CODE
Language code of text/sound track or separate title eng
082 ## - DEWEY DECIMAL CLASSIFICATION NUMBER
Classification number -
Item number NAR
100 ## - MAIN ENTRY--PERSONAL NAME
Personal name Narayan, R.
9 (RLIN) 69435
245 ## - TITLE STATEMENT
Title Handbook Of Object Oriented Programme With Java
250 ## - EDITION STATEMENT
Edition statement 1ST
260 ## - PUBLICATION, DISTRIBUTION, ETC. (IMPRINT)
Place of publication, distribution, etc. New Delhi
Name of publisher, distributor, etc. Anmol
Date of publication, distribution, etc. 2014
300 ## - PHYSICAL DESCRIPTION
Extent 288
542 ## - INFORMATION RELATING TO COPYRIGHT STATUS
Copyright holder 03-01-2015
551 ## -
-- Computer Science
-- Non-grant-CS
650 ## - SUBJECT ADDED ENTRY--TOPICAL TERM
Topical term or geographic name as entry element Java
9 (RLIN) 69436
906 ## - LOCAL DATA ELEMENT F, LDF (RLIN)
d 2014-2015
f 3952
Holdings
Withdrawn status Lost status Source of classification or shelving scheme Damaged status Not for loan Collection code Home library Current library Date acquired Vendor Cost, normal purchase price Total Checkouts Total Holds Full call number Barcode Date last seen Bill Date Koha item type Original Barcode
    Dewey Decimal Classification       Shri Siddhivinayak Mahila Mahavidyalaya Shri Siddhivinayak Mahila Mahavidyalaya 05/01/2015 Pritam 1800.00   1 -/NAR/B/20417 SSMM-BK-20417 06/08/2022 06/08/2022 Books 010020417